[Event "NCA-ch sf"]
[Site "Managua"]
[Date "2023.02.12"]
[Round "8.18"]
[White "Cabezas Calero, Abigail Carolina"]
[Black "Pichardo, Carlos"]
[Result "1-0"]
[WhiteElo "1565"]
[BlackElo "1615"]
[PlyCount "91"]
[EventDate "2023.01.28"]
[EventType "swiss"]
[EventRounds "9"]
[EventCountry "NCA"]
[SourceTitle "CBM 213 Extra"]
[Source "ChessBase"]
[SourceDate "2023.05.31"]
[SourceVersion "1"]
[SourceVersionDate "2023.05.31"]
[SourceQuality "1"]

1. e4 e6 2. c4 c6 3. Nc3 g6 4. Nf3 Bg7 5. d4 d6 6. Be3 Ne7 7. Qd2 0-0 8. Bh6 Nd7 9. Bxg7 Kxg7 10. h4 h5 11. e5 dxe5 12. dxe5 Nc5 13. 0-0-0 Qxd2+ 14. Rxd2 Nf5 15. Be2 a5 16. Rhd1 b6 17. Bd3 Ba6 18. Bxf5 exf5 19. b3 Rac8 20. Kb2 Rfe8 21. Rd6 Ne4 22. Nxe4 fxe4 23. Ng5 Rxe5 24. Rd7 Rf8 25. Re1 a4 26. Rxe4 Rxe4 27. Nxe4 axb3 28. axb3 Re8 29. Nd6 Rf8 30. Rc7 c5 31. Ra7 Bc8 32. Kc3 Be6 33. Rb7 Ra8 34. Kb2 Ra6 35. Ne8+ Kf8 36. Nc7 Ra5 37. Nxe6+ fxe6 38. Rxb6 Ke7 39. Rb5 Rxb5 40. cxb5 Kd6 41. Kc3 e5 42. Kc4 e4 43. b6 Kc6 44. b7 Kxb7 45. Kxc5 Kc7 46. Kd5 1-0

[Event "NCA-ch Fase 2"]
[Site "Managua"]
[Date "2022.01.23"]
[Round "2"]
[White "Pichardo, Carlos"]
[Black "Martinez Thomas, Gregory Aubrey"]
[Result "1/2-1/2"]
[WhiteElo "1674"]
[BlackElo "1461"]
[PlyCount "72"]
[EventDate "2022.01.22"]
[EventType "swiss"]
[EventRounds "9"]
[EventCountry "NCA"]
[SourceTitle "CBM 207 Extra"]
[Source "ChessBase"]
[SourceDate "2022.05.31"]
[SourceVersion "1"]
[SourceVersionDate "2022.05.31"]
[SourceQuality "1"]

1. d4 Nf6 2. c4 g6 3. Nc3 Bg7 4. e4 d6 5. Nf3 0-0 6. Be2 e5 7. dxe5 dxe5 8. Bg5 h6 9. Bh4 Qxd1+ 10. Rxd1 Nc6 11. 0-0 Bg4 12. Rfe1 g5 13. Bg3 Nh5 14. h3 Nxg3 15. hxg4 Nxe2+ 16. Nxe2 Rad8 17. a3 Rxd1 18. Rxd1 Rd8 19. Rxd8+ Nxd8 20. Ng3 Bf6 21. Nf5 Kh7 22. b4 Ne6 23. Kf1 c5 24. b5 Nd4 25. N3xd4 exd4 26. Nd6 a6 27. a4 axb5 28. axb5 b6 29. Ke2 Be5 30. Nc8 Bc7 31. Ne7 Kg7 32. Kd3 Bd8 33. Nc6 Bc7 34. Ne7 Bd8 35. Nc6 Bc7 36. Ne7 Bd8 1/2-1/2

[Event "Managua Hurtado Memorial op"]
[Site "Managua"]
[Date "2021.12.29"]
[Round "6"]
[White "Pichardo, Carlos"]
[Black "Ortiz, Heriberto"]
[Result "1-0"]
[WhiteElo "1674"]
[BlackElo "1835"]
[PlyCount "79"]
[EventDate "2021.12.26"]
[EventType "swiss"]
[EventRounds "9"]
[EventCountry "NCA"]
[SourceTitle "CBM 206 Extra"]
[Source "ChessBase"]
[SourceDate "2022.03.31"]
[SourceVersion "1"]
[SourceVersionDate "2022.03.31"]
[SourceQuality "1"]

1. d4 d5 2. Nf3 Nf6 3. Bf4 g6 4. h3 Bg7 5. e3 0-0 6. Be2 Nbd7 7. c4 c6 8. 0-0 Ne4 9. cxd5 cxd5 10. Nc3 Ndf6 11. Rc1 Bd7 12. Qb3 Nxc3 13. Rxc3 b6 14. Rfc1 e6 15. Ba6 Ne4 16. R3c2 Qe8 17. Bb7 Ba4 18. Qa3 Bxc2 19. Bxa8 Qxa8 20. Rxc2 Rc8 21. Rxc8+ Qxc8 22. Qxa7 h6 23. Qb8 Qxb8 24. Bxb8 b5 25. Kf1 Kf8 26. Ke2 Ke7 27. Ne1 Kd7 28. f3 Nf6 29. Nd3 Ne8 30. Bg3 Kc6 31. Kd2 Bf6 32. Kc3 h5 33. b3 Ng7 34. Be5 Nf5 35. Bxf6 Nxe3 36. g4 hxg4 37. hxg4 Nf1 38. Ne5+ Kb6 39. Bd8+ Kb7 40. Nxf7 1-0

[Event "Managua Hurtado Memorial op"]
[Site "Managua"]
[Date "2021.12.28"]
[Round "5"]
[White "Espinoza Roman, Juan Carlos"]
[Black "Pichardo, Carlos"]
[Result "1/2-1/2"]
[WhiteElo "1787"]
[BlackElo "1674"]
[PlyCount "128"]
[EventDate "2021.12.26"]
[EventType "swiss"]
[EventRounds "9"]
[EventCountry "NCA"]
[SourceTitle "CBM 206 Extra"]
[Source "ChessBase"]
[SourceDate "2022.03.31"]
[SourceVersion "1"]
[SourceVersionDate "2022.03.31"]
[SourceQuality "1"]

1. d4 d5 2. c4 e6 3. g3 c6 4. Bg2 f5 5. Nf3 Nf6 6. Nc3 Bd6 7. 0-0 Nbd7 8. Ng5 Qe7 9. f3 0-0 10. e4 fxe4 11. fxe4 Bc7 12. exd5 cxd5 13. cxd5 exd5 14. Nxd5 Nxd5 15. Bxd5+ Kh8 16. Nf7+ Kg8 17. Bg5 Nf6 18. Bxf6 gxf6 19. Nd6+ Kh8 20. Nxc8 Raxc8 21. Qf3 Bb6 22. Rad1 Qb4 23. Be4 Qxb2 24. Bb1 Rc7 25. Qe4 Rd7 26. Rf4 Qc3 27. Kh1 Qc7 28. d5 Re7 29. Qf3 Qd6 30. Qh5 Rff7 31. Rh4 Rg7 32. Qh6 Be3 33. Qh5 Re5 34. Qf3 Bb6 35. Rc4 Rge7 36. Qd3 Re1+ 37. Rxe1 Rxe1+ 38. Kg2 Re7 39. Rc8+ Bd8 40. Qf5 Rc7 41. Rxc7 Qxc7 42. d6 Qf7 43. Bc2 b6 44. Bb3 Qe8 45. Qd5 Qe2+ 46. Kh3 Qf1+ 47. Kg4 Qe2+ 48. Kf5 Qh5+ 49. Ke4 Qe8+ 50. Kf3 Qf8 51. Qb7 f5 52. Qd5 Kg7 53. Qb7+ Kg6 54. Qc6 Bg5 55. h4 Bf6 56. Qd5 Qe8 57. d7 Qf8 58. Qe6 Qe7 59. Qg8+ Kh6 60. Qd5 Kg7 61. Qxf5 Qd6 62. Bc2 Qc6+ 63. Be4 Qc3+ 64. Kf4 Qd2+ 1/2-1/2

[Event "NCA-ch op"]
[Site "Managua"]
[Date "2021.09.05"]
[Round "5"]
[White "Pichardo, Carlos"]
[Black "Vanegas Lopez, Natanael Emanuel"]
[Result "1/2-1/2"]
[WhiteElo "1726"]
[BlackElo "1686"]
[PlyCount "51"]
[EventDate "2021.08.28"]
[EventType "swiss"]
[EventRounds "9"]
[EventCountry "NCA"]
[SourceTitle "EXT 2023"]
[Source "ChessBase"]
[SourceDate "2022.10.05"]
[SourceVersion "1"]
[SourceVersionDate "2022.10.05"]
[SourceQuality "1"]

1. d4 Nf6 2. c4 e6 3. Nf3 d5 4. e3 Be7 5. Be2 0-0 6. 0-0 c5 7. cxd5 Nxd5 8. Nc3 Nc6 9. e4 Nf6 10. d5 exd5 11. exd5 Nb4 12. Bc4 Bg4 13. a3 Bxf3 14. gxf3 Na6 15. Bf4 Bd6 16. Bg3 Nc7 17. Ne4 Bxg3 18. fxg3 Ncxd5 19. Bxd5 Nxd5 20. Nxc5 Rc8 21. b4 b6 22. Ne4 Ne3 23. Qxd8 Rfxd8 24. Rfc1 f5 25. Rxc8 Rxc8 26. Nd6 1/2-1/2

[Event "NCA-ch op"]
[Site "Managua"]
[Date "2021.08.29"]
[Round "2"]
[White "Pichardo, Carlos"]
[Black "Castillo, Rommel"]
[Result "0-1"]
[WhiteElo "1726"]
[BlackElo "1899"]
[PlyCount "104"]
[EventDate "2021.08.28"]
[EventType "swiss"]
[EventRounds "9"]
[EventCountry "NCA"]
[SourceTitle "EXT 2023"]
[Source "ChessBase"]
[SourceDate "2022.10.05"]
[SourceVersion "1"]
[SourceVersionDate "2022.10.05"]
[SourceQuality "1"]

1. d4 Nf6 2. Nf3 e6 3. c4 b6 4. g3 Bb7 5. Bg2 Bb4+ 6. Bd2 Be7 7. Nc3 0-0 8. 0-0 d6 9. Qc2 Nbd7 10. Rfd1 Qc8 11. Rac1 Re8 12. h3 Bf8 13. b3 g6 14. g4 Bg7 15. Bf4 e5 16. dxe5 Nxe5 17. Nxe5 dxe5 18. Bg3 Bxg2 19. Kxg2 h5 20. g5 Nh7 21. h4 Nf8 22. Qe4 Ne6 23. Nd5 Nc5 24. Qf3 c6 25. Nf6+ Bxf6 26. gxf6 Qe6 27. Rd2 Rad8 28. Rcd1 Rxd2 29. Rxd2 Nd7 30. Qd3 Nxf6 31. Qd6 Ne4 32. Qxe6 Rxe6 33. Rd8+ Kg7 34. Rd7 a5 35. Rb7 c5 36. Rd7 Nc3 37. e3 Nxa2 38. Rd5 Kf6 39. f4 Nb4 40. fxe5+ Ke7 41. Rd6 Rxd6 42. exd6+ Kd7 43. e4 Nd3 44. e5 Nc1 45. Kf3 Nxb3 46. Be1 a4 47. Kf4 Na5 48. Kg5 Nxc4 49. Kf6 b5 50. Bc3 b4 51. Kxf7 Nxd6+ 52. exd6 bxc3 0-1

[Event "Managua Ramirez de Arellano Memorial"]
[Site "Managua"]
[Date "2021.08.08"]
[Round "8"]
[White "Martinez, Manuel Alfonzo"]
[Black "Pichardo, Carlos"]
[Result "0-1"]
[WhiteElo "1570"]
[BlackElo "1726"]
[PlyCount "98"]
[EventDate "2021.07.10"]
[EventType "swiss"]
[EventRounds "9"]
[EventCountry "NCA"]
[SourceTitle "EXT 2023"]
[Source "ChessBase"]
[SourceDate "2022.10.05"]
[SourceVersion "1"]
[SourceVersionDate "2022.10.05"]
[SourceQuality "1"]

1. d4 e6 2. Nf3 d5 3. Bf4 f5 4. e3 Nf6 5. Bd3 Bd6 6. Ne5 0-0 7. Nd2 Qe7 8. Ndf3 Ne4 9. c3 Nd7 10. h3 a6 11. Nxd7 Bxd7 12. Ne5 Be8 13. Qc2 c5 14. dxc5 Nxc5 15. Be2 b5 16. 0-0 Rc8 17. Rac1 Ne4 18. Rfd1 a5 19. f3 Nf6 20. Qd2 Nh5 21. Bh2 Bc5 22. f4 Nf6 23. Bf3 Qa7 24. Re1 Ne4 25. Bxe4 fxe4 26. Kh1 Rf6 27. Bg1 Rh6 28. Ng4 Rg6 29. Ne5 Rf6 30. Rf1 Qb8 31. Ng4 Rf8 32. f5 Bf7 33. f6 Bh5 34. fxg7 Rxf1 35. Rxf1 Bxg4 36. Bh2 Bd6 37. Bxd6 Qxd6 38. hxg4 Qg3 39. Qf2 Qxf2 40. Rxf2 Kxg7 41. Kh2 b4 42. Rc2 e5 43. Rd2 bxc3 44. bxc3 Rc5 45. Kg3 Kf6 46. Kh4 Ke6 47. Rc2 d4 48. exd4 exd4 49. c4 d3 0-1

[Event "Managua Ramirez de Arellano Memorial"]
[Site "Managua"]
[Date "2021.07.18"]
[Round "6"]
[White "Ortiz Bermudez, Victor Francisco"]
[Black "Pichardo, Carlos"]
[Result "0-1"]
[WhiteElo "1304"]
[BlackElo "1726"]
[PlyCount "80"]
[EventDate "2021.07.10"]
[EventType "swiss"]
[EventRounds "9"]
[EventCountry "NCA"]
[SourceTitle "EXT 2023"]
[Source "ChessBase"]
[SourceDate "2022.10.05"]
[SourceVersion "1"]
[SourceVersionDate "2022.10.05"]
[SourceQuality "1"]

1. e4 d5 2. exd5 Qxd5 3. Nc3 Qa5 4. Bc4 c6 5. d4 Nf6 6. Qe2 Bg4 7. f3 Bh5 8. Nh3 Nbd7 9. 0-0 e6 10. g4 Bg6 11. g5 Nd5 12. Bxd5 cxd5 13. Nf4 Be7 14. Nxg6 hxg6 15. Qb5 Qc7 16. f4 Bxg5 17. Qe2 Be7 18. Bd2 a6 19. Rae1 Nf6 20. Bc1 0-0-0 21. Rf3 Rh5 22. Ne4 Nxe4 23. Qxe4 dxe4 24. Rc3 Rxd4 25. Rxc7+ Kxc7 26. c3 Ra4 27. a3 f5 28. Be3 Bd6 29. Kg2 Ra5 30. c4 g5 31. Rf1 gxf4 32. Bxf4 e5 33. Bd2 Ra4 34. Rc1 Bc5 35. Rc3 f4 36. Bc1 Bd4 37. Rc2 g5 38. b3 Ra5 39. b4 Ra4 40. Re2 f3+ 0-1

[Event "Managua Ramirez de Arellano Memorial"]
[Site "Managua"]
[Date "2021.07.18"]
[Round "5"]
[White "Pichardo, Carlos"]
[Black "Olivares, Odell"]
[Result "1/2-1/2"]
[WhiteElo "1726"]
[BlackElo "1614"]
[PlyCount "85"]
[EventDate "2021.07.10"]
[EventType "swiss"]
[EventRounds "9"]
[EventCountry "NCA"]
[SourceTitle "EXT 2023"]
[Source "ChessBase"]
[SourceDate "2022.10.05"]
[SourceVersion "1"]
[SourceVersionDate "2022.10.05"]
[SourceQuality "1"]

1. d4 Nf6 2. c4 e6 3. Bg5 d5 4. e3 c6 5. Nf3 Nbd7 6. Bd3 dxc4 7. Bxc4 Qa5+ 8. Nbd2 Ne4 9. Bf4 g5 10. Bc7 b6 11. 0-0 Nxd2 12. Nxd2 Bg7 13. f4 0-0 14. Ne4 h6 15. fxg5 hxg5 16. Qh5 Ba6 17. Bxa6 Qxa6 18. Nxg5 Qd3 19. Rf3 Qg6 20. Qxg6 fxg6 21. Nxe6 Rxf3 22. gxf3 Bh6 23. f4 Re8 24. Nd8 c5 25. Kf2 Nf6 26. Kf3 Nd5 27. Be5 Rxd8 28. dxc5 bxc5 29. Rd1 Rd7 30. Rc1 Nb4 31. Rxc5 Nd3 32. Rc8+ Kf7 33. Bc3 Bg7 34. Bxg7 Kxg7 35. b3 Kf6 36. h4 Rh7 37. Kg3 Rd7 38. a3 Re7 39. Kf3 Ne1+ 40. Kf2 Nd3+ 41. Kf3 Ne1+ 42. Kf2 Nd3+ 43. Kf3 1/2-1/2

[Event "Managua Gomez Argenal Memorial"]
[Site "Managua"]
[Date "2021.06.06"]
[Round "3"]
[White "Pichardo, Carlos"]
[Black "Fonseca Cabrera, Ernesto Gregorio"]
[Result "1/2-1/2"]
[WhiteElo "1692"]
[BlackElo "2204"]
[PlyCount "189"]
[EventDate "2021.05.29"]
[EventType "swiss"]
[EventRounds "9"]
[EventCountry "NCA"]
[SourceTitle "EXT 2022"]
[Source "ChessBase"]
[SourceDate "2021.10.06"]
[SourceVersion "1"]
[SourceVersionDate "2021.10.06"]
[SourceQuality "1"]

1. d4 d5 2. Nf3 Nf6 3. Bf4 c5 4. e3 Nc6 5. c3 Qb6 6. Qb3 c4 7. Qc2 Bf5 8. Qc1 Nh5 9. Bg3 Nxg3 10. hxg3 h6 11. Nbd2 e6 12. Be2 Be7 13. e4 Bh7 14. e5 0-0 15. Bd1 Qc7 16. Bc2 f5 17. Nf1 b5 18. b4 cxb3 19. axb3 Rfc8 20. Ne3 Na5 21. Qd2 b4 22. cxb4 Nc6 23. 0-0 Bxb4 24. Qd3 Bf8 25. Qa6 Rab8 26. Rfc1 Rb6 27. Qe2 Qb7 28. Bd1 Bg6 29. Qd2 Bb4 30. Qd3 Kh7 31. Nh4 Bf7 32. g4 Be7 33. Nf3 Nb4 34. Qb1 Rxc1 35. Qxc1 f4 36. Nf1 g5 37. Qd2 Bg6 38. Ne1 Ra6 39. Rxa6 Qxa6 40. Qc3 Qc6 41. Qa1 Qa6 42. Qc3 Qb7 43. Nd2 a5 44. Be2 Qc6 45. Qxc6 Nxc6 46. Ndf3 Bb4 47. Bb5 Nxd4 48. Nxd4 Bxe1 49. Nxe6 Bc3 50. Nc7 Bxe5 51. Nxd5 Bb1 52. Nb6 Kg7 53. Nc4 Bc3 54. Na3 Bg6 55. Bc4 Bb4 56. Nb5 Bb1 57. Nd4 Ba2 58. Bd3 Bc3 59. Ne2 Bd2 60. Bc2 Kf6 61. Nd4 Bc3 62. Ne2 Bb2 63. Kf1 Ke5 64. Ke1 Kd5 65. Kd2 a4 66. bxa4 Kc5 67. Nc3 Be6 68. f3 Bc4 69. Ne4+ Kd4 70. Nd6 Bc3+ 71. Kd1 Bf1 72. Nf5+ Ke5 73. Nxh6 Bxg2 74. Be4 Bf1 75. Nf7+ Kf6 76. Nd6 Ke6 77. Nb5 Ba5 78. Kc2 Ke5 79. Kb3 Be2 80. Nc3 Bf1 81. Nb5 Be1 82. Kc2 Be2 83. Nc3 Bc4 84. Nb5 Be6 85. Bb7 Ba5 86. Bc6 Bf7 87. Kd3 Bb3 88. Nd4 Bd1 89. Kc4 Bb6 90. Nb3 Kd6 91. Be4 Bf2 92. a5 Be1 93. Nd4 Bxa5 94. Nf5+ Ke5 95. Kb5 1/2-1/2

[Event "Managua Gomez Argenal Memorial"]
[Site "Managua"]
[Date "2021.06.06"]
[Round "4"]
[White "Sanchez, Steven"]
[Black "Pichardo, Carlos"]
[Result "1-0"]
[WhiteElo "2003"]
[BlackElo "1692"]
[PlyCount "91"]
[EventDate "2021.05.29"]
[EventType "swiss"]
[EventRounds "9"]
[EventCountry "NCA"]
[SourceTitle "EXT 2022"]
[Source "ChessBase"]
[SourceDate "2021.10.06"]
[SourceVersion "1"]
[SourceVersionDate "2021.10.06"]
[SourceQuality "1"]

1. e4 e6 2. d4 d5 3. exd5 exd5 4. Nf3 Nf6 5. Bd3 Bd6 6. 0-0 0-0 7. c4 c6 8. Nc3 Bg4 9. h3 Bh5 10. Bg5 Be7 11. Re1 Bg6 12. Bxg6 hxg6 13. Bxf6 Bxf6 14. cxd5 cxd5 15. Qb3 b6 16. Nxd5 Nc6 17. Nxf6+ gxf6 18. Red1 Qd6 19. Rac1 Rfd8 20. Qa4 Ne7 21. h4 Rd7 22. Rc3 Rad8 23. Rcd3 Qf4 24. g3 Qg4 25. Nh2 Qh5 26. R1d2 Qd5 27. a3 Nf5 28. Qd1 Nd6 29. Nf1 Qb5 30. Ne3 Ne4 31. Rc2 Nc5 32. Rdd2 Nb3 33. a4 Qb4 34. d5 Nxd2 35. Rxd2 Qe4 36. Rd4 Qe7 37. Qf3 Rc8 38. h5 Qe5 39. Rh4 g5 40. Re4 Qxb2 41. Ng4 Rd6 42. Nh6+ Kf8 43. Qf5 Rc1+ 44. Kg2 Kg7 45. Nxf7 Rc2 46. Nxd6 1-0

[Event "Managua Muniz Memorial 3rd"]
[Site "Managua"]
[Date "2021.03.14"]
[Round "6"]
[White "Pichardo, Carlos"]
[Black "Rios, Edgard"]
[Result "0-1"]
[WhiteElo "1683"]
[BlackElo "1742"]
[PlyCount "132"]
[EventDate "2021.03.06"]
[EventType "tourn"]
[EventRounds "9"]
[EventCountry "NCA"]
[SourceTitle "EXT 2022"]
[Source "ChessBase"]
[SourceDate "2021.10.06"]
[SourceVersion "1"]
[SourceVersionDate "2021.10.06"]
[SourceQuality "1"]

1. d4 Nf6 2. c4 e6 3. g3 Bb4+ 4. Bd2 Qe7 5. Bg2 Nc6 6. Nf3 Bxd2+ 7. Nbxd2 d6 8. e3 0-0 9. 0-0 a5 10. a3 e5 11. d5 Nb8 12. e4 Bg4 13. Qc2 Na6 14. h3 Bd7 15. Ne1 a4 16. Nd3 b6 17. b3 axb3 18. Qxb3 Rfb8 19. Rfb1 Qe8 20. Kh2 Ba4 21. Qc3 Nd7 22. Nf1 Nac5 23. Ne3 Nxd3 24. Qxd3 Nc5 25. Qc3 Bd7 26. g4 Qd8 27. Nf1 Ra4 28. Rb4 Rba8 29. Nd2 Qg5 30. Rxa4 Rxa4 31. Ra2 Ra8 32. Qf3 g6 33. Nb3 Na4 34. Nd2 Nc5 35. Nb3 Nxb3 36. Qxb3 Qc1 37. a4 Qf4+ 38. Kg1 Qc1+ 39. Kh2 Qe1 40. Bf3 Qa5 41. Bd1 Qc5 42. Kg3 Ra5 43. Qc2 Qd4 44. Be2 Kg7 45. Bf3 Bc8 46. Be2 Ba6 47. Qd3 Qc5 48. g5 h6 49. h4 f6 50. gxh6+ Kxh6 51. Qd2+ Kg7 52. Qc3 Bc8 53. Qf3 f5 54. exf5 Bxf5 55. Bd3 Bxd3 56. Qxd3 Ra8 57. Qe4 Rf8 58. Qg4 Rf5 59. h5 Rf6 60. Qd7+ Kh6 61. Qd8 Kg5 62. Re2 Qxc4 63. Re3 Qf4+ 64. Kh3 Qh4+ 65. Kg2 Qxf2+ 66. Kh1 Qxe3 0-1

[Event "Managua Muniz Memorial 3rd"]
[Site "Managua"]
[Date "2021.03.13"]
[Round "4"]
[White "Cabezas Calero, Abigail Carolina"]
[Black "Pichardo, Carlos"]
[Result "0-1"]
[WhiteElo "1382"]
[BlackElo "1683"]
[PlyCount "54"]
[EventDate "2021.03.06"]
[EventType "tourn"]
[EventRounds "9"]
[EventCountry "NCA"]
[SourceTitle "EXT 2022"]
[Source "ChessBase"]
[SourceDate "2021.10.06"]
[SourceVersion "1"]
[SourceVersionDate "2021.10.06"]
[SourceQuality "1"]

1. e4 e6 2. Nf3 d5 3. e5 c5 4. b4 Qc7 5. Be2 a6 6. 0-0 b5 7. d3 Nc6 8. bxc5 Bxc5 9. d4 Be7 10. Nbd2 f6 11. Re1 fxe5 12. Nxe5 Nf6 13. Nb3 0-0 14. Bf4 Bd6 15. Bd3 Nb4 16. h3 Nxd3 17. Qxd3 Ne4 18. f3 Rxf4 19. fxe4 Bb7 20. exd5 Bxd5 21. Nd2 Rxd4 22. Qe2 Bxe5 23. Nb3 Re4 24. Qd3 Rxe1+ 25. Rxe1 Rc8 26. Kh1 Bf6 27. Qe3 Qxc2 0-1

[Event "Managua Muniz Memorial 3rd"]
[Site "Managua"]
[Date "2021.03.07"]
[Round "3"]
[White "Pichardo, Carlos"]
[Black "Espinoza Roman, Juan Carlos"]
[Result "0-1"]
[WhiteElo "1683"]
[BlackElo "1721"]
[PlyCount "106"]
[EventDate "2021.03.06"]
[EventType "tourn"]
[EventRounds "9"]
[EventCountry "NCA"]
[SourceTitle "EXT 2022"]
[Source "ChessBase"]
[SourceDate "2021.10.06"]
[SourceVersion "1"]
[SourceVersionDate "2021.10.06"]
[SourceQuality "1"]

1. d4 Nf6 2. c4 b6 3. Nf3 Bb7 4. e3 e6 5. g3 Be7 6. Bg2 0-0 7. 0-0 d6 8. Nc3 Ne4 9. Qc2 Nxc3 10. bxc3 Nd7 11. Ba3 c5 12. Rfd1 Qc7 13. Rac1 Rac8 14. Bb2 Ba6 15. Nd2 Bb7 16. Bxb7 Qxb7 17. Qe4 Qa6 18. Qb1 f5 19. Ba1 Qb7 20. Qd3 Rf7 21. Rc2 Nf8 22. Qe2 g5 23. f4 g4 24. e4 h5 25. e5 dxe5 26. dxe5 h4 27. Nf1 Rd8 28. Rcd2 Rxd2 29. Rxd2 hxg3 30. hxg3 Rh7 31. Qg2 Qa6 32. Ne3 Qa3 33. Rd1 Qa4 34. Qc2 Qc6 35. Qg2 Qa4 36. Qc2 Qa6 37. Qg2 Qc8 38. Nf1 b5 39. Ne3 Nd7 40. Bb2 Nb6 41. cxb5 c4 42. Qc6 Qxc6 43. bxc6 Bc5 44. Bc1 Nd5 45. Rxd5 exd5 46. Kg2 Bxe3 47. Bxe3 Rc7 48. Bd4 Rxc6 49. Bxa7 Ra6 50. Bd4 Rxa2+ 51. Kg1 Kf7 52. Bc5 Rd2 53. Kf1 Rd3 0-1

[Event "NCA-chT Final"]
[Site "Managua"]
[Date "2020.10.31"]
[Round "6.4"]
[White "Blandon Talavera, Daniel Antonio"]
[Black "Pichardo, Carlos"]
[Result "1/2-1/2"]
[WhiteElo "1664"]
[BlackElo "1635"]
[PlyCount "95"]
[EventDate "2020.10.24"]
[EventType "team-tourn"]
[EventRounds "11"]
[EventCountry "NCA"]
[SourceTitle "EXT 2022"]
[Source "ChessBase"]
[SourceDate "2021.10.06"]
[SourceVersion "1"]
[SourceVersionDate "2021.10.06"]
[SourceQuality "1"]

1. d4 e6 2. Nf3 d5 3. Bg5 Be7 4. Bxe7 Qxe7 5. c3 c5 6. e3 Nf6 7. Nbd2 a6 8. Bd3 Nc6 9. h3 b5 10. 0-0 Bb7 11. Qe2 cxd4 12. exd4 0-0 13. Rfe1 Rfe8 14. Ne5 Nxe5 15. Qxe5 Rac8 16. a3 Nd7 17. Qh5 g6 18. Qh6 Qf6 19. Nf3 e5 20. dxe5 Nxe5 21. Nxe5 Rxe5 22. Rxe5 Qxe5 23. Qe3 Re8 24. Re1 Qxe3 25. Rxe3 Rxe3 26. fxe3 Kg7 27. Kf2 Kf6 28. Kg3 Ke5 29. Bc2 Bc8 30. Kf3 Bf5 31. Bd1 Be4+ 32. Kf2 f5 33. g3 Bd3 34. h4 a5 35. Bf3 h6 36. b4 axb4 37. axb4 g5 38. hxg5 hxg5 39. Bd1 f4 40. exf4+ gxf4 41. gxf4+ Kxf4 42. Bf3 Bc4 43. Bh1 Bb3 44. Bg2 Bc4 45. Bh1 Bb3 46. Bg2 Ba2 47. Bh1 Bc4 48. Bg2 1/2-1/2

[Event "NCA-chT Final"]
[Site "Managua"]
[Date "2020.10.25"]
[Round "4.4"]
[White "Lopez Cerda, Mario Enrique"]
[Black "Pichardo, Carlos"]
[Result "1-0"]
[WhiteElo "1342"]
[BlackElo "1635"]
[PlyCount "65"]
[EventDate "2020.10.24"]
[EventType "team-tourn"]
[EventRounds "11"]
[EventCountry "NCA"]
[SourceTitle "EXT 2022"]
[Source "ChessBase"]
[SourceDate "2021.10.06"]
[SourceVersion "1"]
[SourceVersionDate "2021.10.06"]
[SourceQuality "1"]

1. e4 e6 2. d4 d5 3. Nc3 Bb4 4. e5 c5 5. a3 Bxc3+ 6. bxc3 c4 7. Qg4 Kf8 8. Nf3 Nc6 9. Qh5 g6 10. Qh3 h5 11. g4 Kg7 12. Rg1 hxg4 13. Qxg4 Nce7 14. h4 Kf8 15. Bg5 Qa5 16. Kd2 Qb6 17. Be2 a6 18. Qf4 Nf5 19. Nh2 Bd7 20. Ng4 Qc7 21. Nf6 b5 22. Nxg8 Rxg8 23. Bh6+ Nxh6 24. Qxh6+ Ke7 25. Qg5+ Kf8 26. h5 Qd8 27. Qh6+ Ke7 28. hxg6 Rxg6 29. Rxg6 fxg6 30. Qg7+ Ke8 31. Qxg6+ Ke7 32. Qg7+ Ke8 33. Bh5# 1-0

[Event "NCA-chT Final"]
[Site "Managua"]
[Date "2020.10.25"]
[Round "2.4"]
[White "Valle Alonso, Moises Abraham"]
[Black "Pichardo, Carlos"]
[Result "0-1"]
[WhiteElo "1874"]
[BlackElo "1635"]
[PlyCount "48"]
[EventDate "2020.10.24"]
[EventType "team-tourn"]
[EventRounds "11"]
[EventCountry "NCA"]
[SourceTitle "EXT 2022"]
[Source "ChessBase"]
[SourceDate "2021.10.06"]
[SourceVersion "1"]
[SourceVersionDate "2021.10.06"]
[SourceQuality "1"]

1. e4 e6 2. d4 d5 3. Nd2 Nf6 4. e5 Nfd7 5. f4 c5 6. Ngf3 Nc6 7. dxc5 Bxc5 8. Nb3 Be7 9. Be3 a6 10. a4 Na5 11. Nbd4 Qb6 12. Nf5 Qxb2 13. Bd4 Qb4+ 14. c3 Qb3 15. Nxg7+ Kf8 16. Nh5 Qxd1+ 17. Rxd1 Nb3 18. Rb1 Nbc5 19. f5 Nxa4 20. f6 Bc5 21. Bd3 b5 22. g4 Bb7 23. Ng5 Kg8 24. Rg1 Nxe5 0-1

[Event "NCA-chT 1st Stage"]
[Site "Managua"]
[Date "2020.10.11"]
[Round "7.12"]
[White "Pichardo, Carlos"]
[Black "Martinez Orozco, Cristiana Yorlene"]
[Result "1-0"]
[WhiteElo "1635"]
[BlackElo "1450"]
[PlyCount "117"]
[EventDate "2020.10.03"]
[EventType "team-swiss"]
[EventRounds "9"]
[EventCountry "NCA"]
[SourceTitle "EXT 2022"]
[Source "ChessBase"]
[SourceDate "2021.10.06"]
[SourceVersion "1"]
[SourceVersionDate "2021.10.06"]
[SourceQuality "1"]

1. d4 c6 2. c4 d5 3. e3 Nf6 4. Nc3 Bg4 5. Be2 Bxe2 6. Qxe2 e6 7. Nf3 Be7 8. 0-0 0-0 9. b3 Nbd7 10. Bb2 Qc7 11. e4 dxe4 12. Nxe4 Nxe4 13. Qxe4 Nf6 14. Qe2 Rad8 15. Rad1 c5 16. Rd3 cxd4 17. Bxd4 b6 18. Rfd1 Qc8 19. h3 Nd7 20. Qb2 Bf6 21. Ne5 Nxe5 22. Bxe5 Bxe5 23. Qxe5 h6 24. Rd6 Qc7 25. Qd4 Rxd6 26. Qxd6 Rc8 27. a4 a5 28. Qxc7 Rxc7 29. Rd6 Rb7 30. Kf1 Kf8 31. Ke2 Ke7 32. Rd3 g5 33. Kf3 f5 34. g4 Rc7 35. Re3 Kf6 36. Rd3 Rc6 37. Rd8 Kf7 38. Rd7+ Kf6 39. gxf5 exf5 40. Rh7 Kg6 41. Rd7 Kf6 42. Rd5 Ke6 43. Rd8 Ke7 44. Rd5 Kf6 45. Rd7 Kg6 46. Rd5 Rf6 47. c5 bxc5 48. Rxc5 Ra6 49. Ke3 Kf6 50. Kd3 h5 51. Kc3 Ra8 52. Kc4 Ke6 53. f3 g4 54. fxg4 hxg4 55. hxg4 fxg4 56. Rg5 Rc8+ 57. Kd3 Rb8 58. Kc3 Rc8+ 59. Kb2 1-0

[Event "NCA-chT 1st Stage"]
[Site "Managua"]
[Date "2020.10.04"]
[Round "2.8"]
[White "Flores, Manuel"]
[Black "Pichardo, Carlos"]
[Result "1-0"]
[WhiteElo "1894"]
[BlackElo "1635"]
[PlyCount "85"]
[EventDate "2020.10.03"]
[EventType "team-swiss"]
[EventRounds "9"]
[EventCountry "NCA"]
[SourceTitle "EXT 2022"]
[Source "ChessBase"]
[SourceDate "2021.10.06"]
[SourceVersion "1"]
[SourceVersionDate "2021.10.06"]
[SourceQuality "1"]

1. d4 e6 2. c4 f5 3. Nc3 Nf6 4. g3 c6 5. Bg5 Be7 6. Bg2 d5 7. cxd5 cxd5 8. Nf3 Nc6 9. 0-0 0-0 10. Rc1 Bd7 11. Bf4 a6 12. a3 Rc8 13. Na4 Ne4 14. Ne5 Nxe5 15. Rxc8 Bxc8 16. Bxe5 b5 17. Bxe4 fxe4 18. Nc3 b4 19. axb4 Bxb4 20. Qb3 Bd6 21. Bxd6 Qxd6 22. e3 Rf7 23. Na4 Rb7 24. Qc3 Rc7 25. Nc5 e5 26. Rc1 exd4 27. Qxd4 Be6 28. Rc3 Bf7 29. Nxe4 Qe7 30. Nc5 Qd6 31. e4 Qg6 32. exd5 Qb1+ 33. Kg2 Qxb2 34. d6 Rc8 35. d7 Rd8 36. Rd3 Qb5 37. Qd6 Bc4 38. Qe7 Qc6+ 39. f3 Qa8 40. Ne6 Bxe6 41. Qxe6+ Kf8 42. Re3 Qb8 43. Qe7+ 1-0